000 01697cam a22001934a 4500
005 20250605163947.0
008 250528s ||||||||||||||||||||||||d
035 _a15260
020 _a9602181478
040 _aGR-AtMCL
_bgre
_dGR-AtMCL
_eAACR2
245 1 _aΗ Επικοινωνία στις Οργανώσεις / Η εξέλιξη των θεωριών των οργανώσεων και οι επικοινωνιακές τους διαστάσεις
260 _bAddison-Wesley Publishing Company,
_c1997
300 _a488
520 _aΣτόχος του Βιβλίου είναι να παρουσιάσει την εξέλιξη των διαφόρων θεωρητικών προσεγγίσεων που αφορούν τις οργανώσεις. Παράλληλα επιχειρεί να αναλύσει τη σημασία της επικοινωνίας στις θεωρίες των οργανώσεων και να αναδείξει τη συμβολή της στη λειτουργία τους. Οι Θεωρίες των Οργανώσεων και η Επικοινωνιακή τους Διάσταση, Οι Κλασσικές Θεωρίες των Οργανώσεων, Οι Θεωρίες των Ανθρώπινων Σχέσεων, Οι Θεωρίες της Συμπεριφοράς και της Λήψης Αποφάσεων, Η Συστημική Θεώρηση, Η Ενδεχόμενη Θεώρηση, Εξελικτικές Προσεγγίσεις, Η Νέο-Θεσμική Ανάλυση, Η Ερμηνευτική Προσέγγιση.
700 1 _aΠαναγιωτοπούλου Ροή
_91153
942 _cBK
999 _c853
_d853